Enzimas de la glucolisis - Estadísticas

Estadísticas generales
  • Esta prueba ha sido intentada 37 veces
    35 desde el último reinicio
  • La puntuación promedio es 5 de 10
Estadísticas de respuestas
Hint Respuesta % Correcto
1 (glucosa-6-fosfato+ADP) Hexoquinasa/Glucoquinasa
100%
3 (fructosa-1,6-bifosfato) Fosfofructoquinasa-1
69%
4 (gliceraldehído-3-fosfato+dihidroxiacetona fosfato) Aldolasa
54%
10 (piruvato+ATP) Piruvato quinasa
54%
9 (fosfoenolpiruvato+H2O) Enolasa
46%
8 (2-fosfoglicerato) Fosfoglicerato mutasa
46%
6 (bifosfoglicerato-1,3+tiol+NADH) Gliceraldehído-3-fosfato deshidrogenasa
46%
7 (3-fosfoglicerato+ATP) Fosfoglicerato quinasa
38%
5 (gliceraldehído-3-fosfato) Triosa fosfato isomerasa
38%
2 (fructosa-6-fosfato) Glucosa-6-fosfato isomerasa
31%
No se encontraron pruebas coincidentes
Distribución de puntuación
Porcentaje de gente con cada puntuación
Porcentaje por número respondido
Historial de tus puntuaciones
No has intentado esta prueba desde el último reinicio